<?xml version="1.0" encoding="UTF-8"?>
<record
    xmlns:xsi="http://www.w3.org/2001/XMLSchema-instance"
    xsi:schemaLocation="http://www.loc.gov/MARC21/slim http://www.loc.gov/standards/marcxml/schema/MARC21slim.xsd"
    xmlns="http://www.loc.gov/MARC21/slim">

  <leader>00664nam a22002177a 4500</leader>
  <controlfield tag="005">20260317135638.0</controlfield>
  <controlfield tag="008">260317b2025    vm ||||| |||| 00| | vie d</controlfield>
  <datafield tag="020" ind1=" " ind2=" ">
    <subfield code="a">9786044354293</subfield>
    <subfield code="c">0</subfield>
  </datafield>
  <datafield tag="041" ind1=" " ind2=" ">
    <subfield code="a">vie</subfield>
  </datafield>
  <datafield tag="082" ind1=" " ind2=" ">
    <subfield code="a">174.961</subfield>
    <subfield code="b">NG-H</subfield>
  </datafield>
  <datafield tag="100" ind1=" " ind2=" ">
    <subfield code="a">Nguy&#x1EC5;n Vi&#x1EBF;t Hi&#x1EC1;n</subfield>
  </datafield>
  <datafield tag="245" ind1=" " ind2=" ">
    <subfield code="a">V&#x1EA5;n &#x111;&#x1EC1; &#x111;&#x1EA1;o &#x111;&#x1EE9;c trong th&#x1EF1;c h&#xE0;nh t&#xE2;m l&#xFD; l&#xE2;m s&#xE0;ng /</subfield>
    <subfield code="c">Nguy&#x1EC5;n Vi&#x1EBF;t Hi&#x1EC1;n (Ch&#x1EE7; bi&#xEA;n), L&#xEA; Ng&#x1ECD;c Tr&#xE2;m</subfield>
  </datafield>
  <datafield tag="260" ind1=" " ind2=" ">
    <subfield code="a">H. : </subfield>
    <subfield code="b">&#x110;HQGHN, </subfield>
    <subfield code="c">2025</subfield>
  </datafield>
  <datafield tag="300" ind1=" " ind2=" ">
    <subfield code="a">277 tr. </subfield>
    <subfield code="c">21 cm.</subfield>
  </datafield>
  <datafield tag="653" ind1=" " ind2=" ">
    <subfield code="a">&#x110;&#x1EA1;o &#x111;&#x1EE9;c ngh&#x1EC1; nghi&#x1EC7;p</subfield>
  </datafield>
  <datafield tag="653" ind1=" " ind2=" ">
    <subfield code="a">T&#xE2;m l&#xED; h&#x1ECD;c l&#xE2;m s&#xE0;ng</subfield>
  </datafield>
  <datafield tag="653" ind1=" " ind2=" ">
    <subfield code="a">Th&#x1EF1;c h&#xE0;nh</subfield>
  </datafield>
  <datafield tag="700" ind1=" " ind2=" ">
    <subfield code="a">L&#xEA; Ng&#x1ECD;c Tr&#xE2;m</subfield>
  </datafield>
  <datafield tag="911" ind1=" " ind2=" ">
    <subfield code="a">Yen</subfield>
  </datafield>
  <datafield tag="942" ind1=" " ind2=" ">
    <subfield code="2">ddc</subfield>
    <subfield code="c">BK</subfield>
  </datafield>
  <datafield tag="999" ind1=" " ind2=" ">
    <subfield code="c">11362</subfield>
    <subfield code="d">11362</subfield>
  </datafield>
  <datafield tag="952" ind1=" " ind2=" ">
    <subfield code="0">0</subfield>
    <subfield code="1">0</subfield>
    <subfield code="2">ddc</subfield>
    <subfield code="4">0</subfield>
    <subfield code="7">0</subfield>
    <subfield code="a">ISVNU-CS3</subfield>
    <subfield code="b">ISVNU-CS3</subfield>
    <subfield code="c">V-B7</subfield>
    <subfield code="d">2026-03-17</subfield>
    <subfield code="e">S&#xE1;ch t&#x1EB7;ng t&#x1EEB; NXB</subfield>
    <subfield code="l">0</subfield>
    <subfield code="o">174.961 NG-H</subfield>
    <subfield code="p">HL.2/00625</subfield>
    <subfield code="r">2026-03-17</subfield>
    <subfield code="w">2026-03-17</subfield>
    <subfield code="y">BK</subfield>
  </datafield>
  <datafield tag="952" ind1=" " ind2=" ">
    <subfield code="0">0</subfield>
    <subfield code="1">0</subfield>
    <subfield code="2">ddc</subfield>
    <subfield code="4">0</subfield>
    <subfield code="7">0</subfield>
    <subfield code="a">ISVNU-CS3</subfield>
    <subfield code="b">ISVNU-CS3</subfield>
    <subfield code="c">V-B7</subfield>
    <subfield code="d">2026-03-17</subfield>
    <subfield code="e">S&#xE1;ch t&#x1EB7;ng t&#x1EEB; NXB</subfield>
    <subfield code="l">0</subfield>
    <subfield code="o">174.961 NG-H</subfield>
    <subfield code="p">HL.2/00626</subfield>
    <subfield code="r">2026-03-17</subfield>
    <subfield code="w">2026-03-17</subfield>
    <subfield code="y">BK</subfield>
  </datafield>
  <datafield tag="952" ind1=" " ind2=" ">
    <subfield code="0">0</subfield>
    <subfield code="1">0</subfield>
    <subfield code="2">ddc</subfield>
    <subfield code="4">0</subfield>
    <subfield code="7">0</subfield>
    <subfield code="a">ISVNU-CS3</subfield>
    <subfield code="b">ISVNU-CS3</subfield>
    <subfield code="c">V-B7</subfield>
    <subfield code="d">2026-03-17</subfield>
    <subfield code="e">S&#xE1;ch t&#x1EB7;ng t&#x1EEB; NXB</subfield>
    <subfield code="l">0</subfield>
    <subfield code="o">174.961 NG-H 2025</subfield>
    <subfield code="p">HL.2/00654</subfield>
    <subfield code="r">2026-03-17</subfield>
    <subfield code="w">2026-03-17</subfield>
    <subfield code="y">BK</subfield>
  </datafield>
</record>
